| 000 | 01464nam a2200373Ia 4500 | ||
|---|---|---|---|
| 001 | dia_5568 | ||
| 003 | CHAP | ||
| 005 | 20240202111851.0 | ||
| 007 | ta | ||
| 008 | 220117s1993 mx fr 001 0 spa d | ||
| 040 |
_cCHAP _amxchpua |
||
| 090 |
_aT.C.175 _bS26 ETIPA _c1993 |
||
| 245 | 1 | 0 |
_aEstudio de factibilidad técnica y económica para el establecimiento de una línea de rehidratación y pasteurización de jugo de naranja en una pasteurizadora de Aguascalientes / _ccoordinador Horacio Santoyo Cortés ; colaborador Martín Salgado Meraz |
| 260 |
_aMéxico : _bEl autor, _c1993 |
||
| 300 |
_a46 hojas : _btablas |
||
| 336 |
_2rdacontent _atexto _btxt |
||
| 337 |
_2rdamedia _asin medio _bn |
||
| 338 |
_2rdacarrier _avolumen _bnc |
||
| 502 |
_aViaje de Estudios _b(ETIPA) -- _cUACh. Departamento de Ingeniería Agroindustrial, _d1993 |
||
| 504 | _aBibliografía: hoja 46 | ||
| 650 | 1 | 3 |
_aJugo de naranja _xConcentrados _9159065 |
| 650 | 1 | 3 |
_aJugos de fruta concentrados _9159066 _zMéxico _zAguascalientes |
| 650 | 1 | 3 |
_aJuice concentrates _9148870 _zMexico _zAguascalientes |
| 650 | 1 | 3 |
_aOrange juice _9148872 |
| 700 | 1 |
_aSantoyo Cortés, Vinicio Horacio _9147239 _ecoordinador |
|
| 700 | 1 |
_aSalgado Meraz, Martín _9159067 _ecolaborador |
|
| 901 | _aT.C.175 S26 ETIPA 1993 | ||
| 902 | _aM | ||
| 905 | _a5332271993 mx n 8223123322spa16 | ||
| 942 | _2local | ||
| 942 | _cVE | ||
| 999 |
_c176540 _d176540 |
||